|
|
|
|
| LEADER |
00000naa2a2200000 4500 |
| 001 |
617358 |
| 005 |
20231101132945.0 |
| 035 |
|
|
|a (RuTPU)RU\TPU\conf\15671
|
| 035 |
|
|
|a RU\TPU\conf\15669
|
| 090 |
|
|
|a 617358
|
| 100 |
|
|
|a 20160302d2015 k y0rusy50 ca
|
| 101 |
0 |
|
|a rus
|
| 102 |
|
|
|a RU
|
| 105 |
|
|
|a y z 101zy
|
| 135 |
|
|
|a drcn ---uucaa
|
| 181 |
|
0 |
|a i
|
| 182 |
|
0 |
|a b
|
| 200 |
1 |
|
|a Физико-химический анализ состава подземных вод из дренажной горной выработки в Лагерном саду (Томск)
|f Е. И. Стародубцева, А. Г. Гридасов, В. Д. Покровский
|g науч. рук. Е. М. Дутова
|
| 203 |
|
|
|a Текст
|c электронный
|
| 225 |
1 |
|
|a Геоэкология и экология водных систем
|
| 230 |
|
|
|a 1 компьютерный файл (pdf; 424 Кб)
|
| 300 |
|
|
|a Заглавие с титульного экрана
|
| 320 |
|
|
|a [Библиогр.: с. 347-348 (4 назв.)]
|
| 463 |
|
0 |
|0 (RuTPU)RU\TPU\conf\15338
|t Творчество юных - шаг в успешное будущее
|o материалы VIII Всероссийской научной студенческой конференции с элементами научной школы имени профессора М. К. Коровина, г. Томск, 23-27 ноября 2015 г.
|f Национальный исследовательский Томский политехнический университет (ТПУ) ; под ред. А. Ю. Дмитриева
|v [С. 346-348]
|d 2015
|
| 610 |
1 |
|
|a труды учёных ТПУ
|
| 610 |
1 |
|
|a электронный ресурс
|
| 610 |
1 |
|
|a физико-химический анализ
|
| 610 |
1 |
|
|a подземные воды
|
| 610 |
1 |
|
|a дренажные выработки
|
| 610 |
1 |
|
|a горные выработки
|
| 610 |
1 |
|
|a Лагерный сад
|
| 610 |
1 |
|
|a Томск
|
| 700 |
|
1 |
|a Стародубцева
|b Е. И.
|
| 701 |
|
1 |
|a Гридасов
|b А. Г.
|c гидрогеолог
|c ассистент кафедры Томского политехнического университета
|g Александр Геннадьевич
|2 stltpush
|3 (RuTPU)RU\TPU\pers\36272
|
| 701 |
|
1 |
|a Покровский
|b В. Д.
|c специалист в области организации высшего профессионального образования, геолог
|c аналитик Томского политехнического университета
|f 1989-
|g Виталий Дмитриевич
|2 stltpush
|3 (RuTPU)RU\TPU\pers\32035
|
| 702 |
|
1 |
|a Дутова
|b Е. М.
|c гидрогеолог
|c профессор Томского политехнического университета, доктор геолого-минералогических наук
|f 1956-
|g Екатерина Матвеевна
|2 stltpush
|4 727
|
| 712 |
0 |
2 |
|a Национальный исследовательский Томский политехнический университет (ТПУ)
|b Институт природных ресурсов (ИПР)
|b Кафедра гидрогеологии, инженерной геологии и гидрогеоэкологии (ГИГЭ)
|h 100
|2 stltpush
|3 (RuTPU)RU\TPU\col\18664
|
| 712 |
0 |
2 |
|a Национальный исследовательский Томский политехнический университет (ТПУ)
|b Институт природных ресурсов (ИПР)
|b Кафедра геоэкологии и геохимии (ГЭГХ)
|h 259
|2 stltpush
|3 (RuTPU)RU\TPU\col\18658
|
| 801 |
|
2 |
|a RU
|b 63413507
|c 20180216
|g RCR
|
| 856 |
4 |
|
|u http://earchive.tpu.ru/handle/11683/15613
|
| 942 |
|
|
|c BK
|